000 00280nam a2200121 a 4500
008 101022s1963|||| d
245 1 0 _aLegenda pokračuje
100 1 _aKuznecov, Anatolij
260 _bSmena
_aBratislava
_c1963
020 _c13
041 _aslo
044 _axo
_cSK
999 _c12035
_d12035